<?xml version="1.0" encoding="UTF-8"?><?xml-stylesheet type="text/xsl" href="static/style.xsl"?><OAI-PMH xmlns="http://www.openarchives.org/OAI/2.0/" xmlns:xsi="http://www.w3.org/2001/XMLSchema-instance" xsi:schemaLocation="http://www.openarchives.org/OAI/2.0/ http://www.openarchives.org/OAI/2.0/OAI-PMH.xsd"><responseDate>2026-04-26T08:16:39Z</responseDate><request verb="GetRecord" identifier="oai:uvadoc.uva.es:10324/5672" metadataPrefix="marc">https://uvadoc.uva.es/oai/request</request><GetRecord><record><header><identifier>oai:uvadoc.uva.es:10324/5672</identifier><datestamp>2021-06-29T10:01:20Z</datestamp><setSpec>com_10324_38</setSpec><setSpec>col_10324_852</setSpec></header><metadata><record xmlns="http://www.loc.gov/MARC21/slim" xmlns:doc="http://www.lyncode.com/xoai" xmlns:xsi="http://www.w3.org/2001/XMLSchema-instance" xmlns:dcterms="http://purl.org/dc/terms/" xsi:schemaLocation="http://www.loc.gov/MARC21/slim http://www.loc.gov/standards/marcxml/schema/MARC21slim.xsd">
<leader>00925njm 22002777a 4500</leader>
<datafield tag="042" ind1=" " ind2=" ">
<subfield code="a">dc</subfield>
</datafield>
<datafield tag="720" ind1=" " ind2=" ">
<subfield code="a">González Criado, Claudia</subfield>
<subfield code="e">author</subfield>
</datafield>
<datafield tag="260" ind1=" " ind2=" ">
<subfield code="c">2014</subfield>
</datafield>
<datafield tag="520" ind1=" " ind2=" ">
<subfield code="a">A propósito de un caso clínico seguido en Atención Primaria de úlceras venosas&#xd;
crónicas, donde se han utilizado diversos apósitos a lo largo del tiempo, se analizan las&#xd;
indicaciones y propiedades de los distintos apósitos disponibles actualmente en el&#xd;
mercado. Y aunque no exista uno ideal, ya que va a depender de los estadíos,&#xd;
complicaciones y circunstancias de la herida y del paciente, la utilización de los apósitos&#xd;
basados en la cura de ambiente húmedo, se propugna como alternativa a las curas&#xd;
tradicionales. Con el objetivo de protocolizar su uso correctamente, se realiza una&#xd;
revisión bibliográfica.</subfield>
</datafield>
<datafield tag="024" ind2=" " ind1="8">
<subfield code="a">http://uvadoc.uva.es/handle/10324/5672</subfield>
</datafield>
<datafield ind1=" " ind2=" " tag="653">
<subfield code="a">Enfermería práctica</subfield>
</datafield>
<datafield tag="245" ind1="0" ind2="0">
<subfield code="a">Aplicación correcta de apósitos a propósito de un caso clínico en Atención Primaria.</subfield>
</datafield>
</record></metadata></record></GetRecord></OAI-PMH>